[Event "EU-chT (Men) 11th"]
[Site "Pula"]
[Date "1997.05.??"]
[Round "3.1"]
[White "Kotronias, Vasilios"]
[Black "Ftacnik, Lubomir"]
[Result "1/2-1/2"]
[WhiteElo "2590"]
[BlackElo "2595"]
[Annotator "Ftacnik,L"]
[PlyCount "87"]
[EventDate "1997.05.05"]
[EventType "team-swiss"]
[EventRounds "9"]
[EventCountry "CRO"]
[SourceTitle "CBM 057 Extra"]
[Source "ChessBase"]
[SourceDate "1997.05.01"]
[SourceVersion "1"]
[SourceVersionDate "1997.05.01"]
[SourceQuality "1"]
[WhiteTeam "Greece"]
[BlackTeam "Slovakia"]
[WhiteTeamCountry "GRE"]
[BlackTeamCountry "SVK"]

1. e4 c5 2. Nf3 d6 3. d4 cxd4 4. Nxd4 Nf6 5. Nc3 a6 6. Bg5 e6 7. f4 Qb6 8. Qd2
Qxb2 9. Nb3 Nc6 10. Bxf6 gxf6 11. Na4 Qa3 12. Nb6 Rb8 13. Nc4 Qa4 14. a3 b5 15.
Nxd6+ Bxd6 16. Qxd6 Qxe4+ 17. Be2 Qd5 (17... Qxg2 $2 18. O-O-O Bb7 19. Qd7+ Kf8
20. Qd6+ Ke8 21. Bh5 $40) (17... Bb7 $5 18. Nc5 Qd4 19. Rd1 Qxd6 (19... Qc3+ $6
20. Kf2 Rd8 21. Nd7 f5 22. Rd3 $40) 20. Rxd6 Nd8 21. Rb6 Bxg2 22. Rxb8 Bxh1 23.
Nxa6 Rg8 $11) 18. Qxd5 exd5 19. O-O-O Ne7 (19... Be6 20. Bf3 $14) 20. Rhe1 (20.
Bf3 O-O 21. Rhe1 $1 Re8 22. Bxd5 Bg4 23. Rd3 $14 Nxd5 24. Rxe8+ Rxe8 25. Rxd5
Re1+ 26. Kb2 Re2 27. Rd2 Rxd2 28. Nxd2 Kg7 29. Nf1 $1 Kg6 30. Ne3 $16 {/\
Kc3-d4}) 20... O-O (20... Be6 21. Bf3 O-O $1 (21... Rg8 22. Nd4 Rb6 23. f5 Bc8
24. Rd3 Kd8 25. g4 Bb7 26. Kd2 $14 {Lanc-Novikov/Camaguey/1987/}) 22. g4 $1 (
22. Nc5 Rb6 23. Nd7 Bxd7 24. Rxe7 Be6 25. Bxd5 Bxd5 26. Rxd5 Rc8 $11) (22. Nd4
Rb6 23. g4 f5 24. gxf5 Nxf5 25. Nxf5 Bxf5 26. Rxd5 Be6 $11) 22... f5 23. gxf5
Nxf5 24. Bxd5 (24. Nc5 $5 Rbe8 (24... Ne7 25. f5 Nxf5 26. Bxd5 Bc8 27. Re5 Rb6
28. Rf1 Ng7 {1-0 Nunn,J-Stohl,I/BL 9596/1995 (40)}) 25. Re5 $1 $14 {/\ Rde1}
Nh4 26. Bxd5 Bxd5 27. Rexd5 $16) 24... Rbe8 $1 (24... Rb6 $2 25. Nc5 $1 (25.
Nc5 $1 Bc8 26. Bb3 $1 $16) 25... Bc8 26. Bb3 $1 $16) 25. Bxe6 (25. Bb7 $5 Bc8
26. Bxc8 Rxc8 27. Re5 Nh4 $1 $14) (25. Nc5 $6 Bxd5 26. Rxe8 Rxe8 27. Rxd5 Ne3
28. Rg5+ Kf8 29. Nxa6 Nc4 $13) (25. Bxe6 $6 Rxe6 26. Rxe6 fxe6 27. Nc5 Ne3 {
1/2-1/2 Adams,M-Gelfand,B (03)/Wijk cm1/1994 (36)/}) 25... Rxe6 26. Rxe6 fxe6
27. Nc5 Ne3 28. Nxe6 Rc8 29. Rg1+ Kf7 30. Ng5+ Kf6 31. Ne4+ Ke6 $11 {1/2-1/2
Adams,M-Gelfand,B/Wijk aan Zee (m3) 59/302 1994 (36)}) 21. Bxb5 (21. Bf3 Be6 (
21... Rb7 22. Bxd5 Nxd5 23. Rxd5 Be6 24. Rd6 Bxb3 25. cxb3 Rc8+ 26. Kb1 Rc3 27.
Kb2 Rbc7 28. Re2 R3c6 $14)) 21... Ng6 (21... Rxb5 22. Rxe7 Rd8 23. Rde1 $14)
22. Bc6 (22. Ba4 $5 Bg4 (22... Nxf4 23. g3 Ng6 (23... Ng2 24. Re2 Bg4 25. Rxg2
Bxd1 26. Kxd1 $16) 24. Rxd5 Be6 25. Rd6 Rfc8 26. Nd4 Ne5 $14) 23. Rd4 Rfc8 24.
h3 Be6 25. g4 f5 $13) 22... Nxf4 23. Rd4 (23. g3 Rb6 24. Nd4 Ne6 25. Bxd5 Nxd4
26. Rxd4 Be6 $14) (23. Rf1 Rb6 24. Nd4 Ne2+ $1 $11) 23... Rb6 $1 24. Na5 (24.
Bxd5 Nxd5 25. Rxd5 Be6 $11) 24... Ne6 25. Rxd5 (25. Rg4+ $2 Kh8 26. Bxd5 Nc7
27. Rd4 Rb5 $19) (25. Rb4 Rxb4 26. axb4 d4 $11) 25... Nd8 $1 26. Ba4 (26. Ba8
Rb8) (26. Be8 Nb7 27. Nxb7 (27. Nc4 $2 Re6) 27... Bxb7 28. Rd8 Kh8 29. Rb8 Re6
30. Rxe6 fxe6 31. Rxb7 Rxe8 32. Ra7 e5 33. Rxa6 f5 $132) (26. Rc5 Nxc6 27. Nc4
Rb5 28. Rxc6 Be6 $132) 26... Nb7 $1 27. Nxb7 (27. Nc4 Re6 $14) 27... Bxb7 28.
Rd4 Re6 $1 (28... f5 29. Rb4 $1 Rxb4 30. axb4 Rc8 31. Bb3 Be4 32. Kb2 $16) 29.
Rf1 (29. Rxe6 fxe6 30. Bb3 Re8 31. Rb4 (31. g4 Kf7 32. Rd6 Bc8 $132) 31... Bc8
32. Rb6 Kf7 33. Bc4 Rg8 $132) 29... Re4 $5 (29... Kg7 30. Rg4+ Kh8 31. Bb3 Rd6
$14) (29... Re2 30. g3 (30. Rg4+ Kh8 31. Rxf6 Bxg2 32. Kd1 Re6 33. Rxe6 Bf3+
$11) (30. Rxf6 Rxg2 31. Bb3 Rxh2 32. Rd7 Be4 $11) 30... Rxh2 31. Rxf6 $14) 30.
Rxe4 Bxe4 31. Rxf6 Bxg2 32. Rxa6 f5 {Stubborn defence has enabled black to get
real counterplay at a cost of mere pawn. Zahe Verteidigung hat ermoglicht
Schwarz eine starke Gegenspiel zu bauen fur ein einziges Bauern.} 33. Bc6 (33.
Kd2 f4 34. Ke2 f3+ 35. Kf2 Rd8 36. Ra7 Rd2+ 37. Kg3 h5 (37... Bh1 38. Bb3+ Kh8
39. Rf7 h5 40. h3 Bg2 41. h4 Rd4 $132) 38. Bb3+ Kf8 39. Rh7 Bh1 $13) 33... Bxc6
34. Rxc6 f4 35. Kd2 (35. Re6 f3 36. Re1 Kg7 (36... Ra8 37. Kb2) 37. Rf1 Kg6 38.
Kd2 Kg5 39. Ke3 Kg4 40. Rg1+ Kh3 41. Rg3+ Kxh2 42. Rxf3 Ra8 43. Kd4 h5 $11)
35... f3 36. Ke1 Re8+ 37. Kf2 (37. Kf1 Re2 38. h4 Kg7 $14) 37... Re2+ 38. Kxf3
(38. Kg3 Kf7) 38... Rxh2 39. a4 (39. Kg3 Rh1 40. a4 Ra1 41. Rc4 Kf7) 39... Rh3+
40. Kg4 (40. Ke4 Rh4+ 41. Kd5 Rxa4 42. c4 Kg7 $11) 40... Ra3 41. Rc4 (41. Ra6
Kg7 42. a5 Rc3 $14) 41... Kf7 42. Kf5 h5 (42... Ke7 43. Ke5 h5 44. Kd5 Kf6 45.
Kc5 Kg5 46. Kb4 $14) 43. Ke5 (43. Kg5 Ke6 44. Kxh5 Kd5 45. Rg4 Rc3 $11) (43.
Rc7+ Ke8 44. Ke6 Kd8 45. Ra7 h4 46. Kd6 Kc8 47. c4 Kb8 48. Rh7 Rxa4 49. Rxh4
Ra6+ $11) 43... Kg6 44. Kf4 (44. Kf4 h4 45. c3 h3 46. Kg3 Kf5 47. Kxh3 Ke5 $11)
(44. Kd5 Kg5 45. Kc5 h4 46. Kb4 h3 47. Rc8 Ra1 $11) 1/2-1/2

[Event "Candidates FIDE m1"]
[Site "Wijk aan Zee"]
[Date "1994.??.??"]
[Round "3"]
[White "Adams, Michael"]
[Black "Gelfand, Boris"]
[Result "1/2-1/2"]
[WhiteElo "2660"]
[BlackElo "2685"]
[Annotator "Gelfand,B"]
[PlyCount "71"]
[EventDate "1994.01.16"]
[EventType "match"]
[EventRounds "8"]
[EventCountry "NED"]
[SourceTitle "CBM 039"]
[Source "ChessBase"]
[SourceDate "1994.04.01"]
[SourceVersion "1"]
[SourceVersionDate "1994.04.01"]
[SourceQuality "1"]

1. e4 {Wolff Chekhov} c5 2. Nf3 d6 3. d4 cxd4 4. Nxd4 Nf6 5. Nc3 a6 6. Bg5 e6
7. f4 Qb6 8. Qd2 Qxb2 9. Nb3 (9. Rb1 $5 {Chekhov}) 9... Nc6 (9... Qa3 $5 {
Chekhov} 10. Bxf6 gxf6 11. Be2 Nc6 12. O-O h5 13. Nb1 Qb4 14. Qe3 d5 15. exd5
Ne7 16. Nc3 Nf5 17. Qd3 Qb6+ 18. Rf2 Bd6 19. Ne4 Bxf4 20. Nxf6+ Kf8 $1 21. Qc3
Bxh2+ 22. Kxh2 Qxf2 23. Nd7+ Kg8 24. Nf6+ $10 {Peleshev,M-Odeev,H/corr/1988/
Inf 46/339/}) 10. Bxf6 (10. Bd3 {Chekhov} d5 11. Bxf6 gxf6 12. Na4 Qa3 13. Nb6
d4 14. O-O Rb8 15. Qe2 Qb4 16. Nc4 b5 17. a3 Qe7 18. Ncd2 h5 {Renet,O-Ftacnik,
L/Leon/1988/1:0 (62) Inf 45/303/} 19. Rf3 $5) 10... gxf6 11. Na4 Qa3 12. Nb6
Rb8 13. Nc4 Qa4 (13... Qb4 $2 {Wolff} 14. c3) 14. a3 (14. Kf2 $6 {Chekhov} Be7
15. a3 b5 16. Nxd6+ Kf8 $1 $17 {Bratu,N-Marcinkilwicz,K/corr/1981/}) (14. O-O-O
$6 {Chekhov} Bd7 $1 15. Kb1 d5 16. c3 Ne5 17. fxe5 dxc4 $15 {Petrushin,
A-Ubilava,E/USSR/1979/0:1 (41) Inf 28/480/}) (14. Be2 {Chekhov} b5 (14... d5
15. exd5 exd5 16. Nb6 Qb4 17. Nxd5 Qxd2+ 18. Kxd2 Bg7 19. Ke3 $1 $14 {
Rodriguez,A-Marjanovic,S/JUG/1977/1:0 (64) Inf 23/512/}) 15. Nxd6+ Bxd6 16.
Qxd6 Qb4+ 17. Qxb4 Nxb4 $13 {Mrdja,M- Marjanovic,S/JUG/1977/}) 14... b5 15.
Nxd6+ Bxd6 16. Qxd6 Qxe4+ 17. Be2 Qd5 (17... Qxg2 $2 {Chekhov} 18. O-O-O Bb7 (
18... Qxe2 19. Qxc6+ Kf8 20. Qd6+ $18) 19. Qd7+ Kf8 20. Qd6+ Ke8 21. Bh5 $40)
18. Qxd5 exd5 19. O-O-O Ne7 (19... Be6 {Wolff} 20. Bf3 $14 {Boleslavsky}) 20.
Bf3 Be6 (20... O-O {Wolff} 21. Rhe1 $1 Re8 22. Bxd5 (22. Rxd5 Bb7 23. Rd3 Bxf3
24. Rxf3 Nd5 $1 $14 25. Rd1 $140 Nb6 {/\ Nc4}) 22... Bg4 23. Rd3 $14 Nxd5 24.
Rxe8+ Rxe8 25. Rxd5 Re1+ (25... Be6 26. Rd6 Bxb3 27. cxb3 Re2 (27... Re6 28.
Rxe6 fxe6 29. g4 $1 Kf7 30. Kd2 Kg6 31. Ke3 $16) 28. Rxa6 Rxg2 29. Ra5 $16) 26.
Kb2 Re2 27. Rd2 (27. h3 Be6 28. Rd8+ Kg7 29. g4 Bxb3 $1 30. Kxb3 Re4 $10) 27...
Rxd2 28. Nxd2 Kg7 29. Nf1 $1 Kg6 30. Ne3 $16 {/\ Kc3-d4}) 21. Rhe1 O-O $1 $146
(21... Rg8 22. Nd4 Rb6 23. f5 Bc8 24. Rd3 Kd8 25. g4 Bb7 26. Kd2 $14 {
Lanc-Novikov/Camaguey/1987/}) 22. g4 $1 (22. Nc5 Rb6 23. Nd7 Bxd7 24. Rxe7 Be6
25. Bxd5 (25. g4 {Wolff} f5 26. gxf5 Bxf5 27. Bxd5 Be6 $10) 25... Bxd5 26. Rxd5
Rc8 $10 (26... Rc6 $10)) (22. Nd4 Rb6 23. g4 f5 24. gxf5 Nxf5 25. Nxf5 Bxf5 26.
Rxd5 Be6 $10) 22... f5 23. gxf5 Nxf5 24. Bxd5 (24. Nc5 $5 Rbe8 25. Re5 $1 $14 {
/\ Rde1} (25. Nxa6 Ra8 26. Nc7 Rxa3 27. Bxd5 Bxd5 28. Rxd5 Ra1+ 29. Kd2 Rxe1
30. Kxe1 Ne3 $10) 25... Nh4 26. Bxd5 Bxd5 (26... Ng6 $2 27. Nxe6 $1) 27. Rexd5
$16) 24... Rbe8 $1 (24... Rb6 $2 25. Nc5 $1 Bc8 (25... Bxd5 {Wolff} 26. Rxd5
Ng7 27. f5 $14) 26. Bb3 $1 $16) 25. Bxe6 $6 (25. Bb7 $5 Bc8 (25... Rb8 $2 26.
Nc5 $1 $16) (25... Bxb3 26. cxb3 Rxe1 27. Rxe1 Nd6 $14) 26. Bxc8 Rxc8 27. Re5
Nh4 $1 $14) (25. Nc5 $6 {Chekhov} Bxd5 26. Rxe8 Rxe8 27. Rxd5 Ne3 (27... Re1+
28. Kd2 Rd1+ 29. Kxd1 Ne3+ 30. Kd2 Nxd5 31. Nxa6 f5 32. Nc5 Nxf4 33. Nb7 $14)
28. Rg5+ Kf8 29. Nxa6 Nc4 $13) 25... Rxe6 26. Rxe6 (26. Nc5 Rc6 27. Re5 Rfc8
28. Rdd5 Ng7 {/\ f6}) 26... fxe6 27. Nc5 Ne3 {! Wolff} 28. Nxe6 (28. Re1 Nc4
$10) 28... Rc8 (28... Re8 $2 29. Rd6) (28... Rf6 {Chekhov} 29. Rd8+ Kf7 30.
Ng5+ Kg6 (30... Ke7 31. Rd4) 31. Rd4 Nf5 (31... Nc4 32. a4) 32. Rd7 h6 33. Ne4
$16) 29. Rg1+ (29. Rd8+ Rxd8 30. Nxd8 Nc4 $10) 29... Kf7 {!= Chekhov} (29...
Kh8 $2 30. Kd2 $1 $16 {o^f}) 30. Ng5+ Kf6 (30... Kg6 $2 31. Ne4+ $18) 31. Ne4+
(31. Nxh7+ {Chekhov} Kf5 32. Kd2 Kxf4) (31. Kd2 {Chekhov} Nc4+ 32. Kd3 Kf5 $10)
31... Ke6 $10 32. Rg5 (32. Kd2 Nc4+ 33. Kd3 Nxa3 $10) (32. c3 {Chekhov} Rc4 33.
Ng5+ Kf5) 32... Rxc2+ 33. Kb1 Rc6 (33... Re2 $10) 34. Re5+ Kd7 35. Nc5+ Kd6 36.
Nb7+ 1/2-1/2

[Event "Olympiad-33"]
[Site "Elista"]
[Date "1998.10.06"]
[Round "8.2"]
[White "Shabalov, Alexander"]
[Black "Georgiev, Kiril"]
[Result "0-1"]
[WhiteElo "2645"]
[BlackElo "2660"]
[Annotator "Georgiev,Ki/Kostakiev,D"]
[PlyCount "58"]
[EventDate "1998.09.29"]
[EventType "team-swiss"]
[EventRounds "13"]
[EventCountry "RUS"]
[SourceTitle "CBM 068"]
[Source "ChessBase"]
[SourceDate "1999.02.01"]
[SourceVersion "1"]
[SourceVersionDate "1999.02.01"]
[SourceQuality "1"]
[WhiteTeam "US of America"]
[BlackTeam "Bulgaria"]
[WhiteTeamCountry "USA"]
[BlackTeamCountry "BUL"]

1. e4 c5 2. Nf3 d6 3. d4 cxd4 4. Nxd4 Nf6 5. Nc3 a6 6. Bg5 e6 7. f4 Qb6 8. Nb3
Be7 9. Be2 Nbd7 10. Qd3 Qc7 11. Bf3 h6 12. Bxf6 Nxf6 13. O-O-O e5 14. f5 b5 15.
a3 $146 (15. Kb1 {1/2-1/2 Hracek,Z-Ftacnik,L/It (cat.12) \ 1992 (24)}) 15... h5
$1 $132 16. g3 (16. h3 h4 17. Rhg1 Bb7 18. g3 hxg3 19. Rxg3 Rh7 20. Rdg1 Bf8
$132) (16. Nd5 Nxd5 17. Qxd5 (17. exd5 Qc4 $11) 17... Bb7 18. Qd2 a5 $11) 16...
Bb7 17. Kb1 Rc8 18. h3 Nd7 $1 {[/\Nb6-c4,Xa3]} 19. g4 Nb6 20. Na5 (20. gxh5 $5
Nc4 21. Ka2 Nxa3 $15) 20... Ba8 21. Qd2 Qd8 $1 {[/\ X g4-g5]} 22. Rhg1 (22.
gxh5 $142 Nc4 23. Nxc4 Rxc4 24. Qg2 Bf6 25. Nd5 Bxd5 26. Rxd5 Rd4 27. Rd1 Qb6
28. c3 Rxd1+ 29. Bxd1 {^-} Ke7 $44) 22... hxg4 23. Bxg4 (23. Rxg4 Rxh3 24. Qg2
Rh7 $15) 23... Nc4 24. Nxc4 Rxc4 25. Be2 Rd4 26. Bd3 Bf6 27. Qe3 Qc7 28. b3 (
28. Ne2 $142 Ra4 29. Nc3 Rd4 $11) 28... Qc5 $15 29. Rg3 $4 (29. Kb2 $1 b4 $15)
29... Qxc3 (29... Qxc3 30. Bxb5+ axb5 31. Qxc3 Rxd1+ 32. Kb2 O-O $19) 0-1

[Event "Horgen-B"]
[Site "Horgen"]
[Date "1995.??.??"]
[Round "4"]
[White "Masserey, Yvan"]
[Black "Van Wely, Loek"]
[Result "1/2-1/2"]
[WhiteElo "2350"]
[BlackElo "2585"]
[Annotator "Giese"]
[PlyCount "255"]
[EventDate "1995.10.??"]
[EventType "tourn"]
[EventRounds "9"]
[EventCountry "SUI"]
[EventCategory "11"]
[SourceTitle "CBM 050"]
[Source "ChessBase"]
[SourceDate "1996.02.01"]
[SourceVersion "1"]
[SourceVersionDate "1996.02.01"]
[SourceQuality "1"]

1. e4 c5 2. Nf3 d6 3. d4 cxd4 4. Nxd4 Nf6 5. Nc3 a6 6. Bg5 e6 7. f4 Qb6 8. Nb3
Nbd7 9. Qf3 Qc7 10. O-O-O b5 11. a3 Bb7 12. Bd3 Be7 13. Rhe1 h6 14. Qh3 O-O-O
15. Bh4 g5 16. Bf2 gxf4 17. Bxb5 $1 {this gives White a strong attack - and
his position is easier to handle than Black s Weiß erhält starken Angriff -
zugleich ist seine Stellung leichter zu spielen, als die von Schwarz} axb5 18.
Nxb5 Qc4 19. Na7+ Kb8 20. Na5 Qa6 21. Qb3 Ne5 22. Rd4 {[%csl Ya4,Yb4,Yc4,Ra6,
Rb8]} Qxa5 23. Ra4 Qc7 24. Nb5 Qc6 25. Ba7+ Kc8 26. Bd4 {[%cal Yb5a7]} Kd7 27.
Na7 Qc7 28. Bxe5 Ke8 $2 (28... Bc6 $142 {Fritz3} 29. Nxc6 Qxc6 $17 {[%cal
Yd7e8,Yd8a8]}) 29. Nb5 $1 Qd7 30. Nxd6+ Bxd6 31. Bxf6 Be7 {[%csl Re1][%cal
Yd7d2]} 32. Rd4 Bxf6 33. Rxd7 Rxd7 34. Rd1 $16 Bc6 35. Qb8+ Bd8 36. Rxd7 Bxd7
37. h4 Rg8 38. Qxf4 Rxg2 39. Qxh6 Rg4 40. Qh8+ Ke7 41. h5 Bc6 42. e5 Be4 43. b4
Bf5 44. Qf6+ Ke8 45. Qh8+ Kd7 46. Qf8 Rc4 47. Qxf7+ Kc8 48. Kb2 Rxc2+ 49. Kb3
Re2 50. a4 Re3+ 51. Kb2 Rxe5 52. a5 Rd5 53. h6 Rd7 54. Qf8 Kb7 55. Kb3 Be4 56.
Qc5 Bd5+ 57. Ka4 Rf7 58. a6+ Kb8 59. Qb5+ Kc8 60. Qe8 Rc7 61. Qg8 Rc6 62. h7
Rxa6+ 63. Kb5 Rb6+ 64. Kc5 Rc6+ 65. Kd4 Rc4+ 66. Kd3 Rh4 67. h8=Q Rxh8 68. Qxh8
Kd7 69. Qf8 Bb6 70. Qf7+ Kd6 71. Qf8+ Kd7 72. Qb8 Kc6 73. Kc3 Kb5 74. Qc8 Be3
75. Qd7+ Ka6 76. Kb2 Kb6 77. Qd8+ Ka6 78. Qa5+ Kb7 79. b5 Bd4+ 80. Kc2 Bb6 81.
Qa6+ Kc7 82. Kd3 Bb7 83. Qa3 Bd5 84. Qe7+ Kc8 85. Qf7 Kd8 86. Qg7 Bc5 87. Kc3
Kc8 88. Qf7 Kd8 89. Kd3 Bb6 90. Qg7 Bc5 91. Qc3 Bb6 92. Qe5 Kd7 93. Qb8 Bc5 94.
b6 Bd6 95. Qa7+ Kc8 96. Kd4 Bb7 97. Qa4 Kd8 98. Qb5 Ke7 99. Qh5 e5+ 100. Kc3
Kd7 101. Qg6 Kc6 102. Qe6 Ba6 103. Kb3 e4 104. Ka4 Bb7 105. Ka5 Kc5 106. Qf5+
Bd5 107. b7 e3 108. Qc8+ Kd4 109. b8=Q Bxb8 110. Qxb8 e2 111. Qb4+ Kd3 112. Qe1
Be4 113. Kb4 Bd5 114. Kc5 Bb3 115. Kb4 Bd5 116. Qc3+ Ke4 117. Kc5 Bb7 118. Kd6
(118. Qd2 Ba6 $10) 118... Kf4 119. Qd3 e1=Q 120. Qc4+ Be4 121. Qf7+ Kg3 122.
Qg7+ Kh2 123. Qh6+ Kg1 124. Qg5+ Bg2 125. Qc5+ Kf1 126. Qf5+ Kg1 127. Qc5+ Kh1
128. Qh5+ 1/2-1/2

[Event "Bundesliga 0405"]
[Site "Germany"]
[Date "2005.04.09"]
[Round "14.5"]
[White "Brueggemann, Joachim"]
[Black "Smeets, Jan"]
[Result "0-1"]
[WhiteElo "2404"]
[BlackElo "2515"]
[Annotator "Gofshtein,L"]
[PlyCount "78"]
[EventDate "2004.11.12"]
[EventType "team-tourn"]
[EventRounds "15"]
[EventCountry "GER"]
[SourceTitle "CBM 107"]
[Source "ChessBase"]
[SourceDate "2005.08.01"]
[SourceVersion "1"]
[SourceVersionDate "2005.08.01"]
[SourceQuality "1"]
[WhiteTeam "Erfurt"]
[BlackTeam "Solingen"]
[WhiteTeamCountry "GER"]
[BlackTeamCountry "GER"]

1. e4 c5 2. Nf3 d6 3. d4 cxd4 4. Nxd4 Nf6 5. Nc3 a6 6. Bg5 e6 7. f4 Qb6 8. Nb3
Nbd7 9. Qe2 Qc7 10. g4 Be7 11. O-O-O h6 (11... b5 $5 12. a3 h6 13. Bh4 g5 14.
fxg5 Nh7 15. Bg3 hxg5 16. Nd4 Ne5 $132 {0-1 Bojkovic,I-Tukmakov,V/Soviet Union
1965/MCD (33)}) 12. Bh4 (12. Bxf6 $6 Bxf6 13. h4 b5 (13... Bxc3 $5) 14. Bg2 {
0-1 Matkovic,T-Ljubicic,F/Solin 1994/EXT 97 (46)}) 12... g5 13. fxg5 Nh7 14.
Bg3 hxg5 15. e5 $5 {[%mdl 512] A positional pawn sacrifice. White opens the
position and activates his pieces.} (15. h4 gxh4 16. Bxh4 Ng5 17. Kb1 Ne5 18.
Bg2 Rg8 19. Bg3 Bd7 $15 {Malevinskij-Doroshkevich,1976,USSR}) 15... dxe5 {
As the game given below shows, an unclear situation arises after 15...Ne5,
because White has some compensation for the pawn.} (15... Nxe5 16. Ne4 d5 17.
Bg2 dxe4 18. Qxe4 Bf6 19. Rde1 Nf8 20. Rhf1 $13 {1/2-1/2 Kupreichik,V-Tal,M/
Minsk 1979/URS-ch (50)}) 16. Bg2 {[%cal Gg2a8]} Nhf8 {[%cal Gf8g6] Black tries
to transfer his knight to a better place} 17. Be4 {[%cal Ge4g6] Preventing
from black to play Ng6} Rh6 $146 {[%mdl 8] In a previous game 17...Rg8 was
played and White got the initiative.} (17... Rg8 18. Nd2 Rb8 19. Nc4 f6 20. h4
gxh4 21. Bxh4 $36 {0-1 Boudre,J-Renet,O/France 1991/TD (40)}) 18. Rd4 $5 {
By exploiting the pin White activates his rook. 18.Nd2, activating the knight,
deserved attention, see the previously seen game.} (18. Nd2) 18... Qb6 (18...
Ng6 $5 19. Rc4 Qb8 20. Rd1 Nf4 $132) 19. Rc4 f6 {Strengthening the e5 pawn. In
case of 19...Ng6 White could have equalised the material with 20.Bg6.} (19...
Ng6 20. Bxg6 Rxg6 21. Bxe5 Nxe5 22. Qxe5 f6 23. Qe2) 20. Bf2 {White throws
away the queen but an immediate 20.h4 also deserves attention.} (20. h4 $5 gxh4
21. Rxh4 Qg1+ 22. Nd1 Rxh4 23. Bxh4 $36) 20... Qd8 21. h4 {Sacrificing a
second pawn in order to prevent Nb6.} (21. Be3 Nb6 22. Rxc8 Rxc8 23. Bxb7 Rb8
24. Bxa6 Kf7 $13) 21... gxh4 22. Be3 {White doesn't have time to take on h4
because of ...Nb6 attacking the c4 rook.} (22. Rxh4 Rxh4 23. Bxh4 Nb6) 22...
Rh8 23. Qf2 {[%cal Ye3b6]} b5 (23... h3 $5 24. Qg3 Nb6 25. Bxb6 Qxb6 26. Rxh3
Rxh3 27. Qxh3 f5 $132) 24. Rxh4 Rg8 $8 25. Rc6 (25. Bxa8 $5 bxc4 26. Nd2 f5 27.
Rh1 f4 28. Ba7 $16) 25... Bb7 (25... f5 26. Rh6 fxe4 27. Qh2 Ng6 28. Qh5 Ndf8)
26. Rxe6 $5 {White sacrifices an exchange and gets attacking possibilities in
exchange. 26.Rh1 was also possible sacrificing the rook in a different
reduction.} (26. Rh1 $5 Rxg4 27. Rxe6 Bxe4 28. Nxe4 Nxe6 29. Qf5 $40) 26...
Bxe4 27. Rxe7+ Qxe7 28. Nxe4 Rc8 (28... O-O-O 29. Bc5 Qe6) 29. Qf5 $6 {29.Qd2
deserved attention, creating a threat of 30.Nd6+.} (29. Qd2 $5 {[%cal Re4d6]})
29... Rc6 30. Rh6 $6 {30.Na5 deserved attention activating the passive knight.
Now Black gains some time.} (30. Na5 $5) 30... Qe6 $5 {Offering an exchange of
the active white queen.} 31. Qh5+ Qf7 32. Qf5 Qe6 33. Qh5+ Kd8 $17 {Now the
black king is relatively safe.} 34. Na5 (34. g5 Qc4 $19) 34... Rc7 {[%cal
Re6a2,Re6g4,Yc7c2] The initiative is totally on Black's side as the white
pieces are misplaced. Besides, Black has also the material advantage.} 35. c4 (
35. a3 Qxg4 36. Qxg4 Rxg4 37. Nxf6 Rg2 $19) 35... Rxc4+ $1 $19 36. Nxc4 Qxc4+
37. Nc3 b4 38. Rxf6 {A desperation sacrifice. White cannot defend.} Nxf6 39.
Qxe5 N8d7 0-1